Využitie genetického programovania pri zhlukovaní

Uložené v:
Podrobná bibliografia
Hlavný autor: Selický, Michal (Autor)
Ďalší autori: Loebl, Jaroslav (Vedúci práce)
Médium: Rukopis Kniha
Jazyk:Slovak
Vydavateľské údaje: 2019
Predmet:
On-line prístup:http://is.stuba.sk/zp/portal_zp.pl?podrobnosti=145502
Tagy: Pridať tag
Žiadne tagy, Buďte prvý, kto otaguje tento záznam!

MARC

LEADER 00000ntm a22000003a 4500
001 stuzp75020
003 SK-STU
005 20200625094707.6
007 ta
008 150427s2015----xo-----f-mn---000-0-slo-d
040 |a STU  |b slo 
041 0 |a slo 
044 |a xo 
100 1 |a Selický, Michal  |u 070200  |k Z4  |4 aut  |U FIIT Fakulta informatiky a informačných technológií  |T FIIT Ústav informatiky, informačných systémov a softvérového inžinierstva  |X 75160  |U I200  |Y 179  |7 75160 
242 0 1 |a Use of genetic programming for clustering  |y eng 
245 1 0 |a Využitie genetického programovania pri zhlukovaní 
260 |c 2019 
650 4 |a dátová analýza  |2 slo 
650 4 |a zhlukovanie  |2 slo 
650 4 |a genetické programovanie  |2 slo 
650 4 |a clustering  |2 eng 
650 4 |a genetic programming  |2 eng 
650 4 |a data analysis  |2 eng 
700 1 |a Loebl, Jaroslav  |u 070200  |k Z3  |4 ths  |U FIIT Fakulta informatiky a informačných technológií  |T FIIT Ústav informatiky, informačných systémov a softvérového inžinierstva  |X 46120  |U I200  |Y 179  |7 46120 
856 4 |u http://is.stuba.sk/zp/portal_zp.pl?podrobnosti=145502 
996 |c I*DP89/19  |l II680  |s P  |a 0  |w stuzp75020_0001